000
00323 a2200157 4500
001
183634
020
_a
85-7106-0134-3
040
_c
Magnum
100
_a
La Fontaine, Jean
240
1
0
_a
Fabulas
_l
por
245
1
0
_a
Fabulas
300
_a
44
362
0
_a
1999
697
_a
LITERATURA JUVENIL ESTRANGEIRA
942
_c
BK
999
_c
183634
_d
183634